=LDR 00000nam 2200000 4500 =001 NUTBA000000000004073 =005 20140902115311.0 =006 =007 =008 =020 ##$$a 978-602-8661-86-7 =035 ##$$a 0010-091400000000106 =040 ##$$a NBPDMAT =090 ##$$a 612.3 $b Kon k =245 ##$$a Konseling gizi/ Cornelia... [ et.al ] =260 ##$$a Jakarta : $b Penebar Plus + $c 2013 =300 ##$$a 179 hlm. : $b ilus. ; $c 23 cm. =650 ##$$a Gizi =700 ##$$a Cornelia =850 ##$$a NBPDMAT =990 ##$$a 21407727